[Event "Morbihan-ch 0809"]
[Site "Morbihan"]
[Date "2009.01.24"]
[Round "4"]
[White "Le Garrec, Maxime"]
[Black "Loizil, Joel"]
[Result "0-1"]
[WhiteElo "1790"]
[BlackElo "1818"]
[PlyCount "22"]
[EventDate "2008.10.??"]
[EventType "tourn"]
[EventRounds "7"]
[EventCountry "FRA"]
[SourceTitle "EXT 2010"]
[Source "ChessBase"]
[SourceDate "2010.11.25"]
[SourceVersion "1"]
[SourceVersionDate "2010.11.25"]
[SourceQuality "1"]

1. e4 d6 2. d4 Nf6 3. Nd2 g6 4. Bc4 Bg7 5. c3 0-0 6. f4 e5 7. fxe5 dxe5 8. d5 c6 9. Qb3 b5 10. Bd3 cxd5 11. Qxb5 Ba6 0-1

[Event "Fouesnant op 13th"]
[Site "Fouesnant"]
[Date "2007.11.01"]
[Round "7"]
[White "Roche, Yves"]
[Black "Loizil, Joel"]
[Result "1-0"]
[WhiteElo "2032"]
[BlackElo "1880"]
[PlyCount "29"]
[EventDate "2007.10.27"]
[EventType "swiss"]
[EventRounds "9"]
[EventCountry "FRA"]
[SourceTitle "EXT 2008"]
[Source "ChessBase"]
[SourceDate "2007.11.25"]
[SourceVersion "1"]
[SourceVersionDate "2007.11.25"]
[SourceQuality "1"]

1. d4 Nf6 2. Nf3 e6 3. c4 c5 4. Nc3 cxd4 5. Nxd4 a6 6. e4 d6 7. Be2 Be7 8. Be3 0-0 9. 0-0 Bd7 10. Kh1 Nc6 11. Nb3 Rc8 12. f4 Na5 13. Nxa5 Qxa5 14. Qb3 Bc6 15. Bb6 1-0

[Event "Morbihan-ch 0607"]
[Site "Morbihan"]
[Date "2007.02.03"]
[Round "5"]
[White "Salaun, Michel"]
[Black "Loizil, Joel"]
[Result "1-0"]
[WhiteElo "2058"]
[BlackElo "1897"]
[PlyCount "57"]
[EventDate "2006.10.21"]
[EventType "swiss"]
[EventRounds "7"]
[EventCountry "FRA"]
[SourceTitle "EXT 2009"]
[Source "ChessBase"]
[SourceDate "2008.11.26"]
[SourceVersion "1"]
[SourceVersionDate "2008.11.26"]
[SourceQuality "1"]

1. e4 e5 2. f4 d6 3. d4 exd4 4. Nf3 Nf6 5. e5 dxe5 6. fxe5 Nd5 7. Qxd4 Be7 8. Bc4 Be6 9. 0-0 0-0 10. a3 c5 11. Qe4 Nc7 12. Bd3 g6 13. Nc3 Nc6 14. Bh6 Re8 15. Rad1 Qc8 16. Qf4 Rd8 17. Ng5 Bxg5 18. Bxg5 Rd4 19. Ne4 Nd5 20. Qg3 c4 21. Nd6 Qf8 22. Nxf7 Qe8 23. Nh6+ Kh8 24. Bxc4 Rxd1 25. Rxd1 Nce7 26. Qh4 Kg7 27. Bf6+ Kf8 28. Rf1 Qd7 29. Bg7+ 1-0

[Event "Fouesnant op 12th"]
[Site "Fouesnant"]
[Date "2006.11.01"]
[Round "6"]
[White "Le Garrec, Maxime"]
[Black "Loizil, Joel"]
[Result "1/2-1/2"]
[WhiteElo "1610"]
[BlackElo "1897"]
[PlyCount "71"]
[EventDate "2006.10.28"]
[EventType "swiss"]
[EventRounds "9"]
[EventCountry "FRA"]
[SourceTitle "EXT 2008"]
[Source "ChessBase"]
[SourceDate "2007.11.25"]
[SourceVersion "1"]
[SourceVersionDate "2007.11.25"]
[SourceQuality "1"]

1. e4 e5 2. Nf3 Nc6 3. Bb5 Nd4 4. Nxd4 exd4 5. c3 dxc3 6. Nxc3 c6 7. Bc4 d6 8. 0-0 Nf6 9. d4 Be7 10. Re1 0-0 11. Bf4 Ne8 12. Qc2 Nc7 13. e5 d5 14. Bd3 h6 15. Re3 Bg5 16. Bxg5 Qxg5 17. Rg3 Qh4 18. Ne2 Be6 19. Bh7+ Kh8 20. Bf5 Ne8 21. Qc5 Nc7 22. Rf3 Bxf5 23. Rxf5 Ne6 24. Qb4 Qe4 25. Ng3 Qxd4 26. Qxb7 Rab8 27. Qxc6 Qxb2 28. Re1 Nd4 29. Qd6 Nxf5 30. Nxf5 Qb4 31. Kf1 Rfd8 32. Qc6 Qb5+ 33. Qxb5 Rxb5 34. Nd6 Rdb8 35. Nxb5 Rxb5 36. Rd1 1/2-1/2

[Event "Fouesnant op 12th"]
[Site "Fouesnant"]
[Date "2006.10.30"]
[Round "4"]
[White "Illien, Jean Marc"]
[Black "Loizil, Joel"]
[Result "1/2-1/2"]
[WhiteElo "2032"]
[BlackElo "1897"]
[PlyCount "132"]
[EventDate "2006.10.28"]
[EventType "swiss"]
[EventRounds "9"]
[EventCountry "FRA"]
[SourceTitle "EXT 2008"]
[Source "ChessBase"]
[SourceDate "2007.11.25"]
[SourceVersion "1"]
[SourceVersionDate "2007.11.25"]
[SourceQuality "1"]

1. e4 e5 2. Nf3 Nc6 3. Bb5 a6 4. Bxc6 dxc6 5. 0-0 Bg4 6. h3 Bxf3 7. Qxf3 Nf6 8. d3 Be7 9. Qg3 Qd6 10. Nd2 Nh5 11. Qg4 Qg6 12. Qxg6 hxg6 13. Nc4 Bd6 14. f4 Nxf4 15. Nxd6+ cxd6 16. Bxf4 exf4 17. Rxf4 0-0 18. Raf1 Rae8 19. d4 Re7 20. Kf2 Rfe8 21. Kf3 f6 22. c4 g5 23. Rg4 Kf7 24. Ke3 Ke6 25. Kd3 Kd7 26. Rf5 Rh8 27. e5 dxe5 28. dxe5 Ke6 29. Rf2 Rd7+ 30. Ke4 Rhd8 31. exf6 gxf6 32. Re2 f5+ 33. Kf3+ Kf6 34. Rg3 Rd4 35. b3 Rf4+ 36. Ke3 Rdd4 37. Rf3 Rfe4+ 38. Kf2 Ke5 39. g3 Rxe2+ 40. Kxe2 f4 41. gxf4+ Rxf4 42. Rd3 Rf7 43. Re3+ Kd4 44. Rg3 Rh7 45. Kf3 b5 46. cxb5 axb5 47. Kg4 c5 48. Kxg5 Rg7+ 49. Kf4 Rxg3 50. Kxg3 c4 51. bxc4 bxc4 52. Kf2 Kc3 53. a4 Kb3 54. a5 c3 55. a6 c2 56. a7 c1Q 57. a8Q Qd2+ 58. Kg3 Qg5+ 59. Kh2 Qf4+ 60. Kg2 Qg5+ 61. Kh1 Qc1+ 62. Kg2 Qg5+ 63. Kf1 Qf4+ 64. Kg2 Qg5+ 65. Kf1 Qf4+ 66. Kg2 Qg5+ 1/2-1/2

[Event "Hennebont Grand Prix"]
[Site "Hennebont"]
[Date "2006.08.05"]
[Round "1"]
[White "Loizil, Joel"]
[Black "Marchadour, Claire"]
[Result "0-1"]
[WhiteElo "1912"]
[BlackElo "2076"]
[PlyCount "88"]
[EventDate "2006.08.05"]
[EventType "swiss"]
[EventRounds "7"]
[EventCountry "FRA"]
[SourceTitle "EXT 2007"]
[Source "ChessBase"]
[SourceDate "2006.11.23"]
[SourceVersion "1"]
[SourceVersionDate "2006.11.23"]
[SourceQuality "1"]

1. d4 Nf6 2. c4 c5 3. Nf3 cxd4 4. Nxd4 e5 5. Nf3 e4 6. Nd4 d5 7. e3 Nbd7 8. Nc3 Nb6 9. cxd5 Be7 10. Be2 0-0 11. 0-0 Nbxd5 12. Nxd5 Qxd5 13. f4 Rd8 14. b3 Bd7 15. Bb2 Rac8 16. Rc1 Rxc1 17. Bxc1 b5 18. a3 a6 19. Bb2 g6 20. b4 Ne8 21. Qb3 Qxb3 22. Nxb3 Rc8 23. Rc1 Rxc1+ 24. Nxc1 Be6 25. Bd1 Nd6 26. Nb3 Nc4 27. Bc1 Bd5 28. Kf2 Kf8 29. g3 f5 30. h4 Ke8 31. Nd2 Kd7 32. Ke2 Kc6 33. Nb3 Kb6 34. Bc2 h6 35. Bd1 Bf7 36. Kf2 g5 37. hxg5 hxg5 38. Kg2 gxf4 39. gxf4 Bf6 40. Kf2 Bc3 41. Kf1 Nb2 42. Bc2 Bc4+ 43. Kf2 Bxb3 44. Bxb3 Nd3+ 0-1

[Event "Fouesnant op 10th"]
[Site "Fouesnant"]
[Date "2004.10.25"]
[Round "4"]
[White "Schmouchkovitch, Clement"]
[Black "Loizil, Joel"]
[Result "1-0"]
[WhiteElo "1962"]
[BlackElo "1790"]
[PlyCount "139"]
[EventDate "2004.10.23"]
[EventType "swiss"]
[EventRounds "9"]
[EventCountry "FRA"]
[SourceTitle "EXT 2007"]
[Source "ChessBase"]
[SourceDate "2006.11.23"]
[SourceVersion "1"]
[SourceVersionDate "2006.11.23"]
[SourceQuality "1"]

1. c4 c5 2. Nc3 Nc6 3. g3 e6 4. Bg2 Nf6 5. e4 d6 6. Nge2 Be7 7. 0-0 0-0 8. d4 cxd4 9. Nxd4 Nxd4 10. Qxd4 e5 11. Qd3 Bd7 12. Bg5 Bc6 13. Bxf6 Bxf6 14. Rad1 Be7 15. Nd5 Bxd5 16. Qxd5 Qc7 17. Bh3 Rad8 18. Rd3 Qc6 19. Rfd1 Qxd5 20. Rxd5 b6 21. b4 g6 22. a4 f6 23. Ra1 Rb8 24. Be6+ Kg7 25. b5 Rb7 26. Rdd1 Rc7 27. Bd5 Rb8 28. Rd3 f5 29. f3 Kf6 30. a5 h6 31. axb6 axb6 32. Rda3 Bd8 33. Kg2 Rg7 34. h4 h5 35. Kh3 Re7 36. Rg1 Rg7 37. Rga1 Re7 38. Bc6 Rg7 39. Rd3 Ke6 40. Rda3 Kf6 41. Ra7 Bc7 42. Bd5 Re7 43. Kg2 Bd8 44. Rxe7 Bxe7 45. Ra7 Rf8 46. Rb7 Bd8 47. Kf2 fxe4 48. fxe4 g5 49. hxg5+ Kxg5+ 50. Kg2 Kf6 51. Rh7 Kg5 52. Rd7 h4 53. gxh4+ Kxh4 54. Rxd6 Be7 55. Rxb6 Bc5 56. Rh6+ Kg5 57. Rh1 Rf2+ 58. Kg3 Rf4 59. Rh8 Bf2+ 60. Kg2 Be3 61. Rg8+ Kh6 62. Rc8 Rf2+ 63. Kg3 Rb2 64. Kg4 Bd4 65. Kf5 Kg7 66. Ke6 Re2 67. Kd6 Rb2 68. Kc6 Be3 69. Rg8+ Kf6 70. Re8 1-0